Library Banner

Jangal ki awaz (Urdu) (Record no. 48475)

MARC details
000 -LEADER
fixed length control field 00474nam a2200181Ia 4500
001 - CONTROL NUMBER
control field 50968
008 - FIXED-LENGTH DATA ELEMENTS--GENERAL INFORMATION
fixed length control field 140502s9999 xx 000 0 und d
020 ## - INTERNATIONAL STANDARD BOOK NUMBER
International Standard Book Number NA
040 ## - CATALOGING SOURCE
Transcribing agency PK-LaUMT
082 ## - DEWEY DECIMAL CLASSIFICATION NUMBER
Classification number RHC 891.4393
Item number NAJ-J
100 ## - MAIN ENTRY--PERSONAL NAME
Personal name Najma Mahmood
245 ## - TITLE STATEMENT
Title Jangal ki awaz (Urdu)
Remainder of title adbi takhleeqaat ka majmooah
Statement of responsibility, etc Najma Mahmood
260 ## - PUBLICATION, DISTRIBUTION, ETC. (IMPRINT)
Place of publication, distribution, etc Ali Garh,Pakistan:
Name of publisher, distributor, etc Wazan Publications,
Date of publication, distribution, etc 2011
300 ## - PHYSICAL DESCRIPTION
Extent 267 p.
546 ## - LANGUAGE NOTE
Language note UR
650 ## - SUBJECT ADDED ENTRY--TOPICAL TERM
Topical term or geographic name as entry element Urdu literature
942 ## - ADDED ENTRY ELEMENTS (KOHA)
Koha item type Books
Holdings
Withdrawn status Lost status Damaged status Not for loan Home library Current library Date acquired Total Checkouts Full call number Barcode Date last seen Date checked out Price effective from Koha item type
        UMT Main Campus UMT Main Campus 2014-05-02 3 RHC 891.4393 NAJ-J 61168 2017-11-20 2017-11-02 2014-05-08 Books